00457nam a2200181Ia 4500008004100000020001800041050001400059100002300073245002800096245005800124260001500182260001600197260000900213300001500222300002000237300001000257500000800267170918s9999 xx 000 0 und d a9780545283090 bR517 2010 aRichards, Nancy W. aHow to handle a bully / cby Nancy W. Richards ; illustrated by David Sourwine. aNew York : bScholastic, c2010 a92 pages : billustrations : c19cm. a420